| 000 | 00865nam a2200241 i 4500 | ||
|---|---|---|---|
| 001 | bg | ||
| 100 | 1 | _aKAZIOR, Jan | |
| 245 | 1 | 0 |
_aAnaliza czynników technologicznych decydujących o własnościach spiekanych austenitycznych stali nierdzewnych / _cJan Kazior. |
| 260 |
_aKraków : _bPK, _c1994. |
||
| 300 |
_a141 s. : _bfot., wykr. ; _c24 cm. |
||
| 490 | 1 |
_aMonografia / Politechnika Krakowska im. Tadeusza Kościuszki, _x0860-097X ; _v164 |
|
| 504 | _aBibliogr. s. 132-136. - Rés., summ. | ||
| 650 | 9 |
_aMetalurgia proszków _xbadanie |
|
| 650 | 9 |
_aMiedź _xmetalurgia |
|
| 650 | 9 |
_aSpiekanie _xbadanie |
|
| 650 | 9 |
_aStal _xmetalurgia _xmetody |
|
| 830 | 0 |
_aMonografia (Politechnika Krakowska im. Tadeusza Kościuszki) ; _v164 |
|
| 040 | _cBPK | ||
| 041 | 0 |
_apl _benfr |
|
| 080 | _a621.762:669.1 | ||
| 942 | _cKS | ||
| 008 | s pl f |000 0 pol | ||
| 999 |
_c30244 _d30244 |
||
| 856 |
_uhttp://koha.tu.koszalin.pl/cgi-bin/koha/opac-detail.pl?biblionumber=30244 _yKatalog online BPK |
||